<?xml version="1.0" encoding="UTF-8"?>
<collection xmlns="http://www.loc.gov/MARC21/slim">
 <record>
  <leader>00626cam a2200205 7i4500</leader>
  <controlfield tag="001">0000053856</controlfield>
  <controlfield tag="005">20160630090000.0</controlfield>
  <controlfield tag="008">160628s2015                      eng</controlfield>
  <datafield tag="020" ind1=" " ind2=" ">
   <subfield code="a">9780073545462 (pbk.) </subfield>
  </datafield>
  <datafield tag="090" ind1="0" ind2="0">
   <subfield code="a">HF5415.5 </subfield>
   <subfield code="b">LUC 2015</subfield>
  </datafield>
  <datafield tag="100" ind1="1" ind2="0">
   <subfield code="a">Lucas, Robert W. </subfield>
  </datafield>
  <datafield tag="245" ind1="1" ind2="0">
   <subfield code="a">Customer service : </subfield>
   <subfield code="b">skills for success  </subfield>
   <subfield code="c">Robert W. Lucas.</subfield>
  </datafield>
  <datafield tag="250" ind1="0" ind2="0">
   <subfield code="a">6th ed..</subfield>
  </datafield>
  <datafield tag="260" ind1="0" ind2="0">
   <subfield code="a">New York: </subfield>
   <subfield code="b">McGraw Hill Education, </subfield>
   <subfield code="c">2015.</subfield>
  </datafield>
  <datafield tag="300" ind1=" " ind2=" ">
   <subfield code="a">xxv, 436p.: </subfield>
   <subfield code="b">col.ill.; </subfield>
   <subfield code="c">28cm.</subfield>
  </datafield>
  <datafield tag="501" ind1="0" ind2="0">
   <subfield code="a">CBS</subfield>
  </datafield>
  <datafield tag="504" ind1="0" ind2="0">
   <subfield code="a">Includes bibliographical references and index</subfield>
  </datafield>
  <datafield tag="650" ind1="0" ind2="0">
   <subfield code="a">Communication </subfield>
  </datafield>
  <datafield tag="650" ind1="0" ind2="0">
   <subfield code="a">Customer service </subfield>
  </datafield>
  <datafield tag="901" ind1=" " ind2=" ">
   <subfield code="u">http://www.mhhe.com</subfield>
  </datafield>
 </record>
</collection>
